[Event "HCL-C130"]
[Site "www.playchess.de"]
[Date "2001.02.19"]
[Round "2"]
[White "Coney"]
[Black "arsenic"]
[WhiteElo "994"]
[BlackElo "1280"]
[PlyCount "65"]
[Result "1-0"]

1.e4 e6 2.d4 d5 3.e5 c5 4.c3 Nc6 5.Bb5 Bd7 6.Nf3 
Qb6 7.Bxc6 bxc6 8.O-O cxd4 9.cxd4 c5 10.a3 cxd4 
11.Nxd4 Bc5 12.Nf3 Ne7 13.b4 Bxb4 14.axb4 Qxb4 
15.Ba3 Qa5 16.Nbd2 Qc7 17.Bxe7 Kxe7 18.Qc1 Qd8 
19.Nd4 Rc8 20.Qa3+ Ke8 21.Qxa7 O-O 22.N4f3 Rc7 
23.Qd4 h6 24.Rfc1 Rb7 25.Rab1 Rxb1 26.Rxb1 f6 
27.exf6 Rxf6 28.h3 Rg6 29.Ne5 Rg5 30.Nxd7 Qxd7 
31.Rb8+ Kh7 32.Nf3 Rg6 33.Ne5 1-0

[Event "HCL-C130"]
[Site "www.playchess.de"]
[Date "2001.02.19"]
[Round "36"]
[White "dakini"]
[Black "donkey"]
[WhiteElo "1461"]
[BlackElo "1134"]
[PlyCount "46"]
[Result "0-1"]

1.e4 c5 2.Nf3 Nc6 3.d4 cxd4 4.Nxd4 Nf6 5.Nc3 d6 
6.Bb5 Bd7 7.Bg5 e6 8.a3 Be7 9.O-O O-O 10.f4 h6 
11.Bh4 Nxe4 12.Bxe7 Nxc3 13.Bxd8 Nxd1 14.Raxd1 
Raxd8 15.f5 Nxd4 16.Bxd7 Nxf5 17.Rfe1 Rxd7 18.b4 
Rc8 19.g4 Nh4 20.Kf2 Rxc2+ 21.Kg3 Rc3+ 22.Kxh4 g5+ 
23.Kh5 Rh3+ 0-1

[Event "HCL-C136"]
[Site "www.playchess.de"]
[Date "2001.02.19"]
[Round "2"]
[White "locko"]
[Black "Flay"]
[WhiteElo "765"]
[BlackElo "1400"]
[PlyCount "24"]
[Result "0-1"]

1.e4 e6 2.e5 d6 3.exd6 cxd6 4.c4 Nf6 5.b4 d5 6.Na3 
Bxb4 7.Nc2 Nc6 8.Rb1 Ba5 9.Ne3 d4 10.Ng4 O-O 
11.Nxf6+ Qxf6 12.Rb5 a6 0-1

[Event "HCL-C140"]
[Site "www.playchess.de"]
[Date "2001.02.19"]
[Round "12"]
[White "Erastmus"]
[Black "fjiznit"]
[WhiteElo "1000"]
[BlackElo "1000"]
[PlyCount "20"]
[Result "0-1"]

1.e4 e5 2.Nf3 Nc6 3.Nc3 d6 4.Bb5 Be7 5.d4 a6 
6.Bxc6+ bxc6 7.dxe5 dxe5 8.Nxe5 Rb8 9.Qxd8+ Bxd8 
10.Nxc6 Rb6 0-1

[Event "HCL-C140"]
[Site "www.playchess.de"]
[Date "2001.02.19"]
[Round "14"]
[White "Erastmus"]
[Black "Pietros"]
[WhiteElo "1000"]
[BlackElo "1378"]
[PlyCount "20"]
[Result "0-1"]

1.e4 c5 2.Nc3 Nc6 3.Nf3 e5 4.b3 Nf6 5.Bb2 d5 
6.exd5 Nxd5 7.Bb5 Bd6 8.Nxd5 O-O 9.d3 Be6 10.Bc4 
b5 0-1

[Event "HCL-C149"]
[Site "www.playchess.de"]
[Date "2001.02.19"]
[Round "10"]
[White "Smutje"]
[Black "tewas"]
[WhiteElo "764"]
[BlackElo "1000"]
[PlyCount "58"]
[Result "0-1"]

1.e3 {hi :-)}  e5 {grüß dich - nach langer zeit!}  
2.Qf3 {hi wie isset wo ist die spieleliste unten 
geblieben?}  d5 {danke gut, wird wohl noch nicht 
verfügbar sein. bin gespannt was er uns als 
neuerungen präsentiert}  3.Nc3 Nf6 4.Bb5+ c6 5.Ba4 
e4 6.Qg3 {noch seh ich keine neuerung!}  Bd6 {ich 
auch nicht, aber die zeit wird es zeigen}  7.f4 f3 
8.Qxf3 O-O 9.d4 Bg4 10.Qf2 Nbd7 11.h3 Qc7 12.Nge2 
Bxe2 13.Nxe2 Qa5+ 14.c3 Qxa4 15.b3 Qa5 16.a4 Ne4 
17.Qf3 Qc7 18.h4 Bg3+ 19.Kd1 Nf2+ 20.Kc2 Nxh1 
21.Ba3 Bd6 22.Rxh1 Bxa3 23.b4 a5 24.bxa5 Qxa5 
25.Qg3 Qxa4+ 26.Kd2 Qc4 27.h5 Bd6 28.Qxd6 Ra2+ 
29.Ke1 Qxe2+ 0-1

[Event "HCL-E011"]
[Site "www.playchess.de"]
[Date "2001.02.19"]
[Round "14"]
[White "Goofy"]
[Black "senna"]
[WhiteElo "2200"]
[BlackElo "2019"]
[PlyCount "88"]
[Result "0-1"]

1.d4 Nf6 2.c4 g6 3.Nc3 Bg7 4.e4 d6 5.f3 O-O 6.Be3 
c5 7.dxc5 dxc5 8.e5 Nfd7 9.f4 f6 10.exf6 exf6 
11.Nf3 Qe8 12.Qd2 Nb6 13.Be2 Na6 14.Rd1 Bf5 15.O-O 
Rd8 16.Qc1 Qe7 17.Nd5 Nxd5 18.cxd5 Rfe8 19.Kf2 Qd6 
20.Rfe1 Bf8 21.Bb5 Bd7 22.Bxd7 Qxd7 23.Qc3 Qd6 
24.f5 Nb4 25.fxg6 hxg6 26.Qc4 Nxd5 27.Kg1 Qc6 
28.Bf2 Rxe1+ 29.Nxe1 Kg7 30.Rd3 Nb6 31.Qg4 Rxd3 
32.Nxd3 Bd6 33.Nf4 Bxf4 34.Qxf4 Nd5 35.Qe4 Qd6 
36.Bg3 Qd7 37.h4 Nb4 38.Bf2 Nd3 39.h5 gxh5 40.Be3 
a6 41.b3 b5 42.Qf3 Ne5 43.Qxh5 Ng4 44.Bd2 
Qd4+ 0-1

[Event "HCL-E014"]
[Site "www.playchess.de"]
[Date "2001.02.19"]
[Round "18"]
[White "Tartan-Terror"]
[Black "Alexdan"]
[WhiteElo "2158"]
[BlackElo "2000"]
[PlyCount "62"]
[Result "0-1"]

1.d4 d5 2.c4 e6 3.Nc3 Nf6 4.Bg5 Be7 5.e3 O-O 6.Nf3 
Nbd7 7.Rc1 c6 8.Bd3 dxc4 9.Bxc4 b5 10.Bd3 a6 
11.O-O c5 12.Bxf6 Bxf6 13.Ne4 c4 14.Nxf6+ Nxf6 
15.Bb1 Bb7 16.Qe2 Qd5 17.Rfe1 Ne4 18.Ne5 Nc3 
19.Qg4 Nxb1 20.Rcxb1 Rac8 21.Rbc1 Rc7 22.Rc2 Rfc8 
23.Rec1 a5 24.a3 f6 25.Nf3 Qe4 26.Qg3 c3 27.bxc3 
R7xc3 28.R2xc3 Rxc3 29.Rf1 Qc6 30.d5 Qxd5 31.Nd4 
e5 0-1

[Event "HCL-M009"]
[Site "www.playchess.de"]
[Date "2001.02.19"]
[Round "5"]
[White "messeer"]
[Black "ajedrez"]
[WhiteElo "2200"]
[BlackElo "2310"]
[PlyCount "56"]
[Result "0-1"]

1.Nf3 d5 2.g3 Bg4 3.Bg2 Nd7 4.c4 e6 5.cxd5 exd5 
6.Qa4 Bxf3 7.Bxf3 c6 8.Nc3 Nc5 9.Qc2 Ne6 10.Bg2 
Nf6 11.O-O h5 12.h4 g5 13.hxg5 Nxg5 14.d3 Ne6 
15.e4 d4 16.Ne2 h4 17.f4 hxg3 18.Nxg3 Ng4 19.Nf5 
Qf6 20.Bd2 Rg8 21.Rf3 Qh8 22.Ng3 Qh2+ 23.Kf1 Qh4 
24.Qd1 Nh2+ 25.Kf2 Bh6 26.f5 Nxf3 27.Qxf3 Rxg3 
28.Qxg3 Be3+ 0-1

[Event "ACL-A044"]
[Site "www.playchess.de"]
[Date "2001.02.19"]
[Round "23"]
[White "player27"]
[Black "Ochiroo"]
[WhiteElo "1557"]
[BlackElo "1500"]
[PlyCount "49"]
[Result "1-0"]

1.e4 e6 2.d4 d5 3.Nd2 c5 4.exd5 exd5 5.Ngf3 Nf6 
6.Bb5+ Bd7 7.Qe2+ Be7 8.dxc5 O-O 9.Nb3 Re8 10.Be3 
Ng4 11.O-O-O Bc6 12.Bxc6 bxc6 13.Rhe1 Nd7 14.Qa6 
Nxe3 15.Rxe3 Nxc5 16.Qxc6 Nxb3+ 17.Rxb3 Qa5 18.a3 
Rac8 19.Qxd5 Qc7 20.Rd2 Red8 21.Qb7 Qc4 22.Qxe7 
Rde8 23.Rc3 Qa2 24.Rd7 Rxe7 25.Rxc8+ 1-0

[Event "ACL-A050"]
[Site "www.playchess.de"]
[Date "2001.02.19"]
[Round "14"]
[White "BENEVOLENTONE"]
[Black "Mr_Arnaud"]
[WhiteElo "1500"]
[BlackElo "1500"]
[PlyCount "92"]
[Result "0-1"]

1.e4 c5 2.e5 Nc6 3.f4 d5 4.c4 d4 5.Na3 f6 6.Bd3 
Nh6 7.Qh5+ g6 8.Bxg6+ hxg6 9.Qxg6+ Nf7 10.g3 fxe5 
11.Nf3 Rh6 12.Qg8 e4 13.Ng5 Nxg5 14.fxg5 Be6 
15.Qxf8+ Kxf8 16.gxh6 Bh3 17.b3 Nb4 18.h7 Kg7 
19.g4 Nd3+ 20.Kd1 Bxg4+ 21.Kc2 Nb4+ 22.Kb2 d3 
23.Rg1 Qd4+ 24.Kb1 Qxg1 25.Nb5 Bd1 26.a3 Bc2+ 
27.Kb2 Nc6 28.Ka2 Kxh7 29.h4 Nd4 30.Nxd4 cxd4 
31.Bb2 Qf2 32.a4 Rg8 33.Ka3 e3 34.Bxd4 Qxd2 35.Rf1 
Rg2 36.Rf7+ Kh6 37.Rxe7 a5 38.Bxe3+ Qxe3 {Did you 
think that you could stop the d pawn?}  39.Rxe3 {u 
thought it over along time ago im still giving u a 
hard time how does it feel?}  Bb1 {it is mate}  
40.Re6+ Kg7 41.b4 {IT IS A DREAM MR.A WHO DO U 
THINK YOUR PLAYING}  d2 42.Rd6 Rg3+ {a bad 
player???}  43.Kb2 {BAD ASS PLAYER 2 U I LIKE 
PLAYERS SUCH AS U , YOUR REMARKS ONLY FEED THE 
DESIRE TO BEAT U}  Rd3 {you are losing give 
up!ok?????}  44.c5 d1Q {%}  45.Rxd3 Qc2+ 46.Ka3 
Qa2+ 0-1

[Event "ACL-A068"]
[Site "www.playchess.de"]
[Date "2001.02.19"]
[Round "20"]
[White "liero"]
[Black "Ghostdog"]
[WhiteElo "1500"]
[BlackElo "1500"]
[PlyCount "38"]
[Result "0-1"]

1.e4 c5 2.c4 Nc6 3.g3 e6 4.Bg2 Nf6 5.Nf3 Nxe4 
6.O-O Nf6 7.b3 Be7 8.Bb2 O-O 9.Nc3 Re8 10.d4 d5 
11.cxd5 exd5 12.Bc1 Be6 13.Qd3 h6 14.Bd2 cxd4 
15.Ne2 Qd7 16.Nfxd4 Nxd4 17.Nxd4 Rad8 18.Rfe1 Bh3 
19.Bc3 Bxg2 0-1

[Event "ACL-A073"]
[Site "www.playchess.de"]
[Date "2001.02.19"]
[Round "9"]
[White "Kevin"]
[Black "Winkler"]
[WhiteElo "1500"]
[BlackElo "1500"]
[PlyCount "63"]
[Result "0-1"]

1.e4 e5 2.Nf3 Nf6 3.d4 exd4 4.e5 Ne4 5.Qxd4 d5 
6.exd6 e.p 7.Nxd6 Bd3 8.Nc6 Qf4 9.Qe7+ Be3 10.Bd7 
Nc3 11.O-O-O O-O 12.h6 a3 13.Be6 Rfd1 14.f6 Nd4 
15.g5 Nxc6 16.gxf4 Nxe7+ 17.Bxe7 Bxf4 18.c6 Be4 
19.Nxe4 Nxe4 20.Rxd1+ Rxd1 21.Rd8 Rxd8+ 22.Kxd8 
Nc5 23.Bxc5 Bxh6 24.f5 g3 25.a5 h4 26.b5 Bg5+ 
27.Ke8 h5 28.Kf7 Kg2 29.a4 f4 30.b4 Kh3 31.bxa3 
bxa3 32.Bxa3 0-1

[Event "ACL-A073"]
[Site "www.playchess.de"]
[Date "2001.02.19"]
[Round "11"]
[White "foxzy"]
[Black "Dio"]
[WhiteElo "1500"]
[BlackElo "1500"]
[PlyCount "34"]
[Result "0-1"]

1.e4 e6 2.Nf3 d5 3.Nc3 dxe4 4.Nxe4 Nd7 5.d4 Ngf6 
6.Bd3 Nxe4 7.Bxe4 Nf6 8.Qd3 c5 9.Bg5 cxd4 10.Nxd4 
Qa5+ 11.c3 Qxg5 12.Nf3 Qf4 13.Rd1 Be7 14.Nd2 O-O 
15.Bf3 Qe5+ 16.Ne4 Nxe4 17.Bxe4 
f5 0-1

[Event "HCL-E020"]
[Site "www.playchess.de"]
[Date "2001.02.19"]
[Round "3"]
[White "MarkusSSG"]
[Black "peze2"]
[WhiteElo "2345"]
[BlackElo "1836"]
[PlyCount "61"]
[Result "1/2-1/2"]

1.d4 Nf6 2.Bf4 g6 3.e3 Bg7 4.Nd2 O-O 5.Ngf3 d6 
6.h3 Nc6 7.Bh2 Re8 8.Be2 e5 9.O-O exd4 10.exd4 Bf5 
11.c3 Qd7 12.Re1 Re7 13.Qb3 Rae8 14.Bb5 a6 15.Rxe7 
Rxe7 16.Bf1 Nd8 17.d5 h6 18.c4 a5 19.Re1 Rxe1 
20.Nxe1 Qe7 21.Nef3 Nd7 22.Bf4 Nc5 23.Qe3 Qxe3 
24.Bxe3 Bxb2 25.Bxh6 a4 26.Be3 {hast du eine dwz}  
Bd7 {Nein. Ich spiele seit 15 Jahren kein 
Vereinsschach mehr. Nur noch als Hobby, das aber 
ausgiebig.}  27.Ne1 {schade, bei deiner 
spielstärke würdest du bestimmt eine gute rolle 
bei tunieren spielen}  b6 {Danke! Im Jan. habe ich 
gegen GM V.Hort in Simultanpartie (30) verloren. 
Leider schon das 4.Mal.}  28.Nd3 Nxd3 29.Bxd3 Nb7 
30.Kf1 Nc5 {Hallo Markus! Die Stellung sieht sehr 
nach Remis aus.}  31.Bb1 {ja da hast du wohl recht 
gruss markus}  1/2-1/2

[Event "HCL-B144"]
[Site "www.playchess.de"]
[Date "2001.02.19"]
[Round "18"]
[White "jack-up"]
[Black "octopus"]
[WhiteElo "1559"]
[BlackElo "1500"]
[PlyCount "26"]
[Result "0-1"]

1.e4 d5 2.exd5 Qxd5 3.Nc3 Qd8 4.Bc4 Nf6 5.Nf3 {i'm 
sorry my friend i don't accept a draw after 4 
moves}  Bg4 6.d3 Nc6 7.Bf4 e5 8.Qe2 Bd6 9.d4 Nxd4 
10.Qd3 Bf5 11.Bxf7+ Kxf7 12.Qc4+ Be6 13.Ng5+ 
Ke7 0-1

[Event "HCL-M010"]
[Site "www.playchess.de"]
[Date "2001.02.19"]
[Round "2"]
[White "phGM4233"]
[Black "Zsozso"]
[WhiteElo "2200"]
[BlackElo "2200"]
[PlyCount "32"]
[Result "0-1"]

1.c4 {good luck from texas}  f5 {Greetings from 
Hungary.}  2.d4 Nf6 3.g3 g6 4.Bg2 {hey from texas 
and good luck}  Bg7 {Hello Paul!}  5.Nc3 {How do 
you know my name?????}  O-O {Your name is on your 
PAGE!}  6.Nh3 Nc6 7.e3 d6 8.a3 e5 9.d5 Ne7 10.Ng5 
h6 11.Ne6 Bxe6 12.dxe6 e4 13.Qb3 Qc8 14.Nd5 Nfxd5 
15.cxd5 c6 16.dxc6 bxc6 0-1

[Event "ACL-A076"]
[Site "www.playchess.de"]
[Date "2001.02.19"]
[Round "13"]
[White "Buziness"]
[Black "guerino"]
[WhiteElo "1500"]
[BlackElo "1500"]
[PlyCount "58"]
[Result "0-1"]

1.e4 e6 2.d3 d5 3.e5 c5 4.Nh3 Nc6 5.Qf3 Nge7 6.Ng5 
Nxe5 7.Qf4 N7g6 8.Qa4+ Bd7 9.Qb3 b6 10.c4 dxc4 
11.dxc4 Be7 12.f4 Nc6 13.Qf3 Nd4 14.Qe4 Qc7 
15.Qxa8+ Bd8 16.Bd3 Bc6 17.Qxc6+ Qxc6 18.O-O O-O 
19.Na3 h6 20.Ne4 Bc7 21.Bd2 Rd8 22.Rad1 Ne7 23.Ng3 
Nef5 24.Nh5 a6 25.g3 b5 26.g4 Nh4 27.Rf2 Nhf3+ 
28.Kf1 Nxd2+ 29.Rdxd2 Qh1+ 0-1

[Event "HCL-B149"]
[Site "www.playchess.de"]
[Date "2001.02.19"]
[Round "10"]
[White "iq160"]
[Black "pdqbach"]
[WhiteElo "998"]
[BlackElo "1152"]
[PlyCount "55"]
[Result "1-0"]

1.e4 e5 2.f4 d6 3.d3 Nc6 4.Nf3 Bg4 5.h3 Bxf3 
6.Qxf3 Be7 7.Be3 Nf6 8.Nc3 Qd7 9.O-O-O O-O-O 
10.fxe5 Nxe5 11.Qg3 Nh5 12.Qf2 b6 13.Be2 Nf6 14.d4 
Nc6 15.e5 dxe5 16.dxe5 Qe8 17.exf6 Bxf6 18.Rxd8+ 
Qxd8 19.Rd1 Qe7 20.Nd5 Qe5 21.Nxf6 gxf6 22.Qf3 Qe6 
23.Bb5 Qxa2 24.Qxc6 Qa1+ 25.Kd2 Rd8+ 26.Bd4 Rxd4+ 
27.Ke3 Qxd1 28.Qa8+ 1-0

[Event "ACL-A080"]
[Site "www.playchess.de"]
[Date "2001.02.19"]
[Round "12"]
[White "fighter"]
[Black "Zsozso"]
[WhiteElo "1500"]
[BlackElo "1500"]
[PlyCount "58"]
[Result "0-1"]

1.Nf3 f5 2.d4 Nf6 3.g3 g6 4.Bg2 Bg7 5.Nc3 O-O 
6.Be3 Ne4 7.Nxe4 fxe4 8.Ng5 d5 9.h4 c6 10.Bh3 Bxh3 
11.Rxh3 Qd6 12.Rb1 h6 13.Bf4 Qd7 14.Rh2 hxg5 
15.Bxg5 e5 16.e3 Qf5 17.dxe5 Nd7 18.f4 f3 19.Bf4 
Nxe5 20.Rf2 Qe4 21.Qd4 Ng4 22.Qxe4 dxe4 23.Rd2 
Rad8 24.c3 Rxd2 25.Kxd2 Rd8+ 26.Ke1 Bf8 27.b4 Rd3 
28.Rd1 f2+ 29.Ke2 Rxd1 0-1

[Event "HCL-M010"]
[Site "www.playchess.de"]
[Date "2001.02.19"]
[Round "9"]
[White "ARMAGEDON_8"]
[Black "phGM4233"]
[WhiteElo "2264"]
[BlackElo "2200"]
[PlyCount "45"]
[Result "1-0"]

1.e4 e5 2.Nf3 Nc6 3.Bc4 Nf6 4.Ng5 d5 5.exd5 Na5 
6.Bb5+ c6 7.dxc6 bxc6 8.Be2 h6 9.Nh3 Qd5 10.Bf3 e4 
11.Qe2 Be7 12.Nc3 exf3 13.Nxd5 fxe2 14.Nc7+ Kd7 
15.Nxa8 Ba6 16.d3 Rxa8 17.Bd2 Nb7 18.Nf4 Nd6 
19.Nxe2 Rb8 20.b3 Nd5 21.c4 Nc7 22.Be3 Ne6 
23.Bxa7 1-0

[Event "HCL-B150"]
[Site "www.playchess.de"]
[Date "2001.02.19"]
[Round "11"]
[White "Fabian"]
[Black "Lostknights"]
[WhiteElo "1200"]
[BlackElo "1200"]
[PlyCount "61"]
[Result "1-0"]

1.d4 {Hello and good luck!!!}  Nf6 {Hello and Good 
Luck to you!! What are the time controls?}  2.c4 
g6 3.Nc3 Bg7 4.e4 d6 5.Nf3 O-O 6.Be2 Bg4 7.O-O Re8 
8.Be3 Nbd7 9.Ne1 e5 10.d5 c6 11.f3 Bh5 12.g4 Bxg4 
13.fxg4 cxd5 14.cxd5 b6 15.g5 Nh5 16.Bxh5 gxh5 
17.Qxh5 Nf8 18.Qxf7+ Kh8 19.Rf3 Re7 20.Qh5 Qc7 
21.Rh3 Rf7 22.g6 Re7 23.Bg5 Qc5+ 24.Kh1 Qf2 25.Ng2 
Rc7 26.Ne3 Kg8 27.Rf1 hxg6 28.Rxf2 gxh5 29.Nf5 Ng6 
30.Nb5 Rc1+ 31.Bxc1 1-0

[Event "ACL-A081"]
[Site "www.playchess.de"]
[Date "2001.02.19"]
[Round "9"]
[White "liero"]
[Black "Morpheus"]
[WhiteElo "1367"]
[BlackElo "1364"]
[PlyCount "24"]
[Result "0-1"]

1.e4 c5 2.Nf3 Nc6 3.Nc3 d6 4.g3 Nf6 5.b3 Bg4 6.Bg2 
e5 7.O-O Be7 8.Nb1 Nxe4 9.d3 Nf6 10.c3 O-O 11.Qe1 
Qd7 12.Bg5 h6 0-1

[Event "ACL-A088"]
[Site "www.playchess.de"]
[Date "2001.02.19"]
[Round "12"]
[White "roofus"]
[Black "Westqualmer"]
[WhiteElo "1500"]
[BlackElo "1500"]
[PlyCount "32"]
[Result "0-1"]

1.e4 e6 2.e5 d6 3.Nf3 c5 4.d4 cxd4 5.Qxd4 Nc6 
6.Qa4 Bd7 7.Qb5 Nd4 8.Qd3 Qa5+ 9.Bd2 Nxf3+ 10.Qxf3 
Qxe5+ 11.Be2 Bc6 12.Qg4 Qxb2 13.Bc3 Qxc2 14.Qb4 e5 
15.Na3 Qg6 16.O-O Qxg2+ 0-1

[Event "HCL-B160"]
[Site "www.playchess.de"]
[Date "2001.02.19"]
[Round "2"]
[White "Gruhni"]
[Black "King_Safety"]
[WhiteElo "1412"]
[BlackElo "1269"]
[PlyCount "71"]
[Result "1/2-1/2"]

1.e4 {Hello from Germany!}  c6 {Greetings from 
Canada. Good luck in the tournament.}  2.Nf3 
{Thanks and good luck to you too!}  d5 {Thanks, 
I'll probably need it.}  3.e5 Bf5 4.d4 e6 5.Bd3 
Bxd3 6.Qxd3 Ne7 7.Bg5 h6 8.Bxe7 Bxe7 9.O-O Nd7 
10.b3 O-O 11.Nbd2 Bb4 12.a3 Ba5 13.b4 Bb6 14.c3 
Bc7 15.a4 b6 16.Rfb1 c5 17.bxc5 bxc5 18.Nb3 cxd4 
19.cxd4 Bb6 20.a5 Bc7 21.Rbc1 Bb8 22.Nc5 a6 
23.Nxa6 Ba7 24.Nc7 Rc8 25.Nb5 Rxc1+ 26.Rxc1 Qxa5 
27.Nxa7 Qxa7 28.h3 Nb8 29.Qc3 Qa6 30.Ra1 Qe2 
31.Ra8 Nd7 32.Rxf8+ Kxf8 33.Qa5 {Let's make some 
moves more!}  Qd1+ 34.Kh2 Kg8 35.Qd8+ Nf8 36.Qa5 
{Ok! I would accept a draw!}  1/2-1/2

[Event "HCL-A071"]
[Site "www.playchess.de"]
[Date "2001.02.19"]
[Round "30"]
[White "stud"]
[Black "Kaiko"]
[WhiteElo "1180"]
[BlackElo "1700"]
[PlyCount "20"]
[Result "0-1"]

1.e4 c5 2.g3 Nc6 3.Bg2 g6 4.c3 Bg7 5.Ne2 e5 6.O-O 
Nge7 7.f4 d6 8.Qb3 Be6 9.Qxb7 Bc4 10.Rf2 
Rb8 0-1

[Event "HCL-B166"]
[Site "www.playchess.de"]
[Date "2001.02.19"]
[Round "5"]
[White "AD"]
[Black "rockmountain"]
[WhiteElo "1657"]
[BlackElo "1200"]
[PlyCount "41"]
[Result "1-0"]

1.e4 Nc6 {hello Ad}  2.Nc3 {Hello Rockman, Im 
looking forward to visiting your country later 
this year......}  e5 {I hope you enjoy USA}  3.d3 
{I shall enjoy it, can't wait to go}  Bc5 4.Nf3 
Nf6 5.Bg5 d6 6.Nd5 Be6 7.Bxf6 gxf6 8.Nc3 Qe7 9.Be2 
O-O-O 10.O-O h6 11.a3 h5 12.h3 h4 13.Na4 f5 
14.Nxc5 dxc5 15.exf5 Bd5 16.c4 Bxf3 17.Bxf3 Nd4 
18.Bg4 e4 19.f6+ Qd7 {good move}  20.Bxd7+ Rxd7 
21.Qg4 1-0

[Event "HCL-B166"]
[Site "www.playchess.de"]
[Date "2001.02.19"]
[Round "7"]
[White "toilet"]
[Black "adamant"]
[WhiteElo "1500"]
[BlackElo "885"]
[PlyCount "41"]
[Result "1-0"]

1.e4 c5 2.Nf3 Nc6 3.d4 cxd4 4.Nxd4 d6 5.Bb5 Bd7 
6.Nxc6 bxc6 7.Bc4 g6 8.Be3 c5 9.Qd2 Bg7 10.Nc3 Rb8 
11.Rb1 Qa5 12.O-O e6 13.f4 Ne7 14.f5 exf5 15.Qxd6 
Rc8 16.Bg5 Bf8 17.Qe5 Rg8 18.Nd5 Be6 19.Nf6+ Kd8 
20.Rbd1+ Bd7 {Very well played. Good Game}  
21.Rxd7+ {good game, thanks}  1-0

[Event "ACL-A092"]
[Site "www.playchess.de"]
[Date "2001.02.19"]
[Round "12"]
[White "Blitzmich"]
[Black "Smutje"]
[WhiteElo "1641"]
[BlackElo "1114"]
[PlyCount "47"]
[Result "1-0"]

1.d4 {Hallo, auf ein schönes Spiel! Gruß Ralf}  d6 
{dito ralf!}  2.e4 Nf6 3.Nc3 e5 4.dxe5 d5 5.exf6 
Qxf6 6.Nxd5 Qe5 7.Bd3 Bc5 8.Nf3 Qd6 9.Bf4 Qg6 
10.Nxc7+ Ke7 11.Nh4 Qb6 12.Nd5+ Kd8 13.Nxb6 axb6 
14.Bb5+ Nd7 15.Nf5 Ra5 16.Bxd7 Bxd7 17.O-O g6 
18.Nh6 Re8 19.Nxf7+ Kc8 20.Nd6+ Kd8 21.Nxb7+ Kc8 
22.Nxa5 bxa5 23.Qd5 Be7 24.Qa8+ 1-0

[Event "HCL-C172"]
[Site "www.playchess.de"]
[Date "2001.02.19"]
[Round "2"]
[White "Flay"]
[Black "Translightor"]
[WhiteElo "1461"]
[BlackElo "1429"]
[PlyCount "58"]
[Result "0-1"]

1.e4 c5 2.Nf3 e6 3.Nc3 d6 4.Bc4 Nc6 5.O-O Nf6 6.d4 
cxd4 7.Nxd4 Be7 8.Bg5 O-O 9.Qd2 Qc7 10.Rad1 a6 
11.a4 b6 12.Nxc6 Qxc6 13.Bxf6 Bxf6 14.b3 Bxc3 
15.Qxc3 b5 16.axb5 axb5 17.Rd3 bxc4 18.Rfd1 Bb7 
19.Rg3 g6 20.Qxc4 Qxc4 21.bxc4 Bxe4 22.c3 Rfc8 
23.Re3 Rxc4 24.f3 Bd5 25.Kf1 Ra3 26.Rc1 Bc6 27.Ke1 
d5 28.Kd2 Ba4 29.g3 Ra2+ 0-1

[Event "HCL-B175"]
[Site "www.playchess.de"]
[Date "2001.02.19"]
[Round "3"]
[White "Gruhni"]
[Black "tokajer"]
[WhiteElo "1364"]
[BlackElo "1500"]
[PlyCount "20"]
[Result "0-1"]

1.e4 {Hello from Frankfurt in Germany!}  e5 {Gruss 
dich! From Sävsjö in Sweden}  2.Nf3 Nf6 3.Bc4 Nxe4 
4.Nxe5 d5 5.Bb3 Qg5 6.Nxf7 Qxg2 7.Nd6+ Bxd6 8.Qh5+ 
g6 9.Qxd5 Qxf2+ 10.Kd1 Bg4+ 0-1

[Event "ACL-A093"]
[Site "www.playchess.de"]
[Date "2001.02.19"]
[Round "9"]
[White "Zsozso"]
[Black "Scaleo"]
[WhiteElo "1548"]
[BlackElo "1500"]
[PlyCount "35"]
[Result "1-0"]

1.e4 {Good luck!}  c5 {too}  2.Nf3 Nc6 3.d4 cxd4 
4.Nxd4 Nf6 5.Nc3 e5 6.Ndb5 d6 7.Bg5 a6 {draw?}  
8.Na3 {I'd like to win this tournament.}  b5 
9.Bxf6 gxf6 {You can not}  10.Nd5 {Perhaps. I 
can't if I accept your offer.}  f5 11.c3 Bg7 
12.exf5 Bxf5 {my advance in developpment make me 
better}  13.Nc2 Ne7 14.Nce3 Be6 15.g3 Nxd5 16.Nxd5 
Qc8 {accept!}  17.Bg2 Qc4 18.Nb6 1-0

[Event "HCL-C179"]
[Site "www.playchess.de"]
[Date "2001.02.19"]
[Round "12"]
[White "guigao"]
[Black "patzer"]
[WhiteElo "1000"]
[BlackElo "1115"]
[PlyCount "51"]
[Result "1-0"]

1.e4 e5 2.Qh5 Nf6 3.Qxe5+ Qe7 4.Qxc7 Qxe4+ 5.Ne2 
Nc6 6.d3 Nd5 7.Qxc8+ Rxc8 8.dxe4 Ndb4 9.Na3 Ne5 
10.c3 Ned3+ 11.Kd2 Nxf2 12.Rg1 Nxe4+ 13.Ke3 Nf6 
14.cxb4 Ng4+ 15.Kf3 Nxh2+ 16.Kg3 Bd6+ 17.Bf4 Nxf1+ 
18.Rgxf1 Bxb4 19.Nb5 O-O 20.Rac1 Rfe8 21.Nd6 Rxc1 
22.Rxc1 Bxd6 23.Bxd6 f6 24.Nf4 Kf7 25.Rc7 g5 
26.Rxd7+ 1-0

[Event "ACL-M003"]
[Site "www.playchess.de"]
[Date "2001.02.19"]
[Round "2"]
[White "peze"]
[Black "Nils"]
[WhiteElo "1908"]
[BlackElo "1858"]
[PlyCount "81"]
[Result "1-0"]

1.e4 e5 2.Nf3 Nc6 3.Bb5 a6 4.Ba4 b5 5.Bb3 Nf6 
6.O-O Bb7 7.d3 Be7 8.a4 O-O 9.Re1 Re8 10.Nbd2 Bc5 
11.c3 Bb6 12.Nf1 b4 13.cxb4 Nxb4 14.Bxf7+ Kxf7 
15.Qb3+ d5 16.Qxb4 c5 17.Qa3 Kg8 18.a5 Ba7 19.Bg5 
h6 20.Qb3 {Hallo Nils! Diese Partie möchte ich 
noch weisterspielen. Sorry! Gruß Peter}  Rb8 {OK!} 
 21.Bxf6 gxf6 22.Nh4 Bc8 23.Qc2 Re7 24.Ne3 Reb7 
{Guten Morgen!}  25.exd5 {Einen schönen Tag 
wünsche ich!}  R7xb2 26.Qd1 Qf8 27.Qh5 Bd7 28.Ng4 
Bxg4 29.Qxg4+ Qg7 30.Qe6+ Qf7 31.Qxa6 c4 32.Ref1 
c3 33.Nf5 Kh7 34.Qc6 Bd4 35.Nxd4 exd4 36.a6 Qf8 
37.d6 {Hallo Nils, langsam kriegt das Ganze "Hand 
und Fuß".}  f5 38.a7 {Einen schönen und sonnigen 
Tag wünsche ich.}  Ra8 {Ebenso, obwohl hier keine 
Sonne scheint.}  39.d7 {Hier ist Wuppertal und wo 
ist dort? :-))}  c2 {Hier ist Hamburg, das Tor zur 
Welt}  40.Rfc1 {Danke!}  Qd8 41.Ra6 1-0

[Event "ACL-A090"]
[Site "www.playchess.de"]
[Date "2001.02.19"]
[Round "20"]
[White "Gruhni"]
[Black "juppsie"]
[WhiteElo "1392"]
[BlackElo "1500"]
[PlyCount "40"]
[Result "0-1"]

1.e4 e6 {hi GL}  2.d4 {Hi! Was heißt GL?}  d5 3.e5 
c5 4.c3 Nc6 5.Bb5 Qb6 6.Bxc6+ bxc6 7.Nf3 Ba6 
8.Nbd2 cxd4 9.cxd4 Qa5 10.Qb3 Nh6 11.Qc3 Qb5 
12.Kd1 Ng4 13.Rf1 Bb4 14.Qb3 c5 15.a3 Rc8 16.axb4 
Qe2+ 17.Kc2 Bd3+ 18.Qxd3 cxd4+ 19.Kb1 Qxd3+ 20.Ka2 
Rc6 0-1

[Event "HCL-C184"]
[Site "www.playchess.de"]
[Date "2001.02.19"]
[Round "13"]
[White "patzer"]
[Black "ChessHammer"]
[WhiteElo "715"]
[BlackElo "1071"]
[PlyCount "82"]
[Result "0-1"]

1.e4 e6 2.d4 d5 3.Nc3 c5 4.exd5 exd5 5.dxc5 Bxc5 
6.Bb5+ Nc6 7.Qxd5 Qxd5 8.Nxd5 Kd7 9.Nf3 f6 10.Be3 
Bxe3 11.Nxe3 Nge7 12.O-O-O+ Kc7 13.Nd5+ Nxd5 
14.Rxd5 Be6 15.Rd2 a6 16.Bxc6 bxc6 17.Rhd1 Rab8 
18.Nd4 Bd5 19.f3 Rb6 20.Nxc6 Bxc6 21.R2d3 Re8 
22.b3 Re2 23.Rg1 Rb5 24.Kb2 Rc5 25.Rc3 Rxc3 
26.Kxc3 g5 27.Kd3 Rf2 28.h4 gxh4 29.Rh1 Rxg2 
30.Rxh4 Bxf3 31.Rxh7+ Kd8 32.Rf7 Rf2 33.Ke3 Bd5 
34.Ra7 Rxc2 35.Rxa6 Rc6 36.Rxc6 Bxc6 37.a4 Kd7 
38.Kf4 Ke6 39.a5 Bb5 40.b4 f5 41.Ke3 
Ke5 0-1

[Event "HCL-C187"]
[Site "www.playchess.de"]
[Date "2001.02.19"]
[Round "4"]
[White "dg"]
[Black "xerxes2u"]
[WhiteElo "1086"]
[BlackElo "1375"]
[PlyCount "60"]
[Result "0-1"]

1.e4 d6 2.Nf3 Nf6 3.Nc3 g6 4.g3 Bg7 5.Bg2 O-O 6.d3 
Nbd7 7.O-O e5 8.b3 b6 9.Bb2 Bb7 10.Ba3 Re8 11.Qe2 
c6 12.Na4 d5 13.Bb2 dxe4 14.dxe4 c5 15.Rad1 Qc7 
16.Ng5 a5 17.Qc4 Re7 18.Qc3 b5 19.Nxc5 Nxc5 
20.Rfe1 b4 21.Qc4 Ba6 22.Bxe5 Qxe5 23.Nf3 Qc7 
24.Qd4 Nfxe4 25.Qe3 Rae8 26.Qf4 Qxf4 27.gxf4 Nc3 
28.Rxe7 Rxe7 29.Ra1 Ne2+ 30.Kf1 
Bxa1 0-1